平成に消滅・改称した北海道の市町村 - Statistics

General Stats
  • This quiz has been taken 36 times
    33 since last reset
  • The average score is 42 of 52
Answer Stats
変更年月日 変更内容 回答 変更後の市町村 % Correct
2005.09/01 新設合併 瀬棚町 せたな町
96%
1996.09/01 市名改称 広島市 北広島市
92%
2005.09/01 新設合併 士別市 士別市
88%
2005.10/01 新設合併 八雲町 八雲町
88%
2005.10/01 新設合併 遠軽町 遠軽町
88%
2005.10/11 新設合併 釧路市 釧路市
88%
2006.03/01 新設合併 日高町 日高町
88%
2006.03/05 新設合併 留辺蘂町 北見市
88%
2006.03/27 新設合併 洞爺村 洞爺湖町
88%
2006.03/27 新設合併 鵡川町 むかわ町
88%
2009.10/05 新設合併 湧別町 湧別町
88%
2004.12/01 編入合併 椴法華村 函館市
84%
2005.04/01 新設合併 森町 森町
84%
2006.02/01 新設合併 上磯町 北斗市
84%
2006.03/05 新設合併 北見市 北見市
84%
2006.03/20 新設合併 枝幸町 枝幸町
84%
2006.03/20 新設合併 歌登町 枝幸町
84%
2006.03/27 新設合併 名寄市 名寄市
84%
2006.03/27 新設合併 虻田町 洞爺湖町
84%
2006.03/31 新設合併 静内町 新ひだか町
84%
2009.10/05 新設合併 上湧別町 湧別町
84%
2004.12/01 編入合併 南茅部町 函館市
80%
2005.09/01 新設合併 北檜山町 せたな町
80%
2005.10/01 新設合併 熊石町 八雲町
80%
2005.10/01 新設合併 生田原町 遠軽町
80%
2005.10/11 新設合併 阿寒町 釧路市
80%
2005.10/11 新設合併 音別町 釧路市
80%
2006.02/01 新設合併 大野町 北斗市
80%
2006.02/06 編入合併 忠類村 幕別町
80%
2006.03/01 新設合併 門別町 日高町
80%
2006.03/27 編入合併 北村 岩見沢市
80%
2006.03/27 新設合併 風連町 名寄市
80%
2006.03/27 新設合併 早来町 安平町
80%
2006.03/31 新設合併 女満別町 大空町
80%
2006.03/31 新設合併 三石町 新ひだか町
80%
1990.09/30 町名改称 東利尻町 利尻富士町
76%
2004.12/01 編入合併 戸井町 函館市
76%
2004.12/01 編入合併 恵山町 函館市
76%
2005.04/01 新設合併 砂原町 森町
76%
2005.09/01 新設合併 朝日町 士別市
76%
2005.10/01 編入合併 厚田村 石狩市
76%
2005.10/01 編入合併 浜益村 石狩市
76%
2005.10/01 新設合併 白滝村 遠軽町
76%
2006.03/27 編入合併 栗沢町 岩見沢市
76%
2006.03/27 新設合併 追分町 安平町
76%
2006.03/27 新設合併 穂別町 むかわ町
76%
2006.03/31 新設合併 東藻琴村 大空町
76%
2005.10/01 新設合併 丸瀬布町 遠軽町
72%
2006.03/01 編入合併 大滝村 伊達市
72%
2006.03/05 新設合併 常呂町 北見市
72%
2005.09/01 新設合併 大成町 せたな町
68%
2006.03/05 新設合併 端野町 北見市
64%
No matching quizzes found
Score Distribution
Percent of People with Each Score
Percentile by Number Answered
Your Score History
You have not taken this quiz since the last reset